000 00867nam a2200253Ia 4500
003 OSt
005 20220923212522.0
006 a|||||r|||| 00| 0
007 ta
008 220922b |||||||| |||| 00| 0 hin d
024 _a153,701
037 _cTextual
040 _aARTS
_cARTS
_bhin
041 _2hin
_ahin
082 _aO152v2J, H0
100 _aद्विवेदी, हजारीप्रसाद
245 0 _aहिन्दी साहित्य की भूमिका
246 _aHindī sāhitya kī bhūmikā
260 _aदिल्ली
_b राजकमल प्रकाशन
_c1940
300 _a250पृ.
_ccm.
650 _aहिन्दी साहित्य
_9156264
942 _hO152v2J, H0
_cTEXL
_2CC
999 _c309342
_d309342